000 00456nam a2200181Ia 4500
008 170705s9999 xx 000 0 und d
020 _a9780516268309
245 _aNext to an ant /
245 _cMara Rockliff ; illustrated by Pascale Constantin.
260 _aNew York :
260 _bScholastic,
260 _c2004
300 _a23 pages :
300 _bcolor illustration ;
300 _c18cm.
440 _aA rookie reader.
500 _a250
999 _c335445
_d335445